| 000 | 00837nam a22001457a 4500 | ||
|---|---|---|---|
| 003 | OSt | ||
| 005 | 20151006090228.0 | ||
| 008 | 151006b xxu||||| |||| 00| 0 eng d | ||
| 040 | _cRUA | ||
| 082 | _aAVM SOK 1996 B070 Or.1 | ||
| 245 | _aSurvey on the control of movement of animal and products originated fro animal in and out of the country through poi pen border check -point in banteay meanchey province, ការសង្គេតស្តីពីការត្រួតពិនិត្យចលនាសត្វ និងផលិតផលដែលមានដើមកំណើតពីសត្វ ចេញ-ចូលតាមច្រកព្រំដែនប៉ោយប៉ែតខេត្តបន្ទាយមានជ័យ. | ||
| 260 |
_aphnomm phen _bRUA _c1996 |
||
| 300 |
_a64p. _bill. _c29cm. |
||
| 942 |
_2ddc _cAVM |
||
| 999 |
_c1976 _d1976 |
||